[Event "O Pohár mìsta Øíèany 2015 - OPEN A"]
[Site "Øíèany"]
[Date "2015.08.28"]
[Round "8.16"]
[White "Parizek, Vojtech"]
[Black "Lacina, Filip"]
[Result "1-0"]
[WhiteElo "1886"]
[BlackElo "2017"]
[PlyCount "0"]
[EventDate "2015.08.22"]

1. e4 c5 2. Nf3 d6 3. d4 cxd4 4. Nxd4 Nf6 5. Nc3 g6 6. g3 Nc6 7. Nde2 b6 8. Bg2
Ba6 9. O-O Rc8 10. b3 Bg7 11. Bb2 O-O 12. Rb1 Qc7 13. Re1 e6 14. a4 Rfd8 15. Nb5
Qb8 16. c4 Bb7 17. Nf4 a6 18. Nc3 h5 19. Qd3 Ne5 20. Qd2 h4 21. gxh4 Re8
22. Rbd1 Rcd8 23. h5 g5 24. Nd3 Nc6 25. Qe3 Bh6 26. h4 d5 27. Qf3 Nxe4 28. Nxe4
dxe4 29. Qf6 e5 30. Nxe5 Nxe5 31. Qxh6 Rxd1 32. Rxd1 gxh4 33. Rd6 h3 34. Qg5+
Kf8 35. Rh6 1-0

[Event "O Pohár mìsta Øíèany 2015 - OPEN A"]
[Site "Øíèany"]
[Date "2015.08.28"]
[Round "8.17"]
[White "Havelka, Petr"]
[Black "Petras, Milan"]
[Result "1/2-1/2"]
[WhiteElo "1817"]
[BlackElo "1968"]
[PlyCount "0"]
[EventDate "2015.08.22"]

1. d4 c5 2. dxc5 Na6 3. Nf3 Nxc5 4. e3 Nf6 5. c4 g6 6. b3 Bg7 7. Bb2 O-O 8. Be2
b6 9. O-O Bb7 10. Nbd2 d6 11. h3 a6 12. Ne1 e5 13. Ndf3 Qe7 14. Nc2 Rfd8 15. Nb4
d5 16. Nxd5 Nxd5 17. cxd5 Bxd5 18. Qc2 Rac8 19. Rac1 Be4 20. Qc4 Bxf3 21. Bxf3
e4 22. Bxg7 exf3 23. Bb2 fxg2 24. Rfe1 1/2-1/2

[Event "O Pohár mìsta Øíèany 2015 - OPEN A"]
[Site "Øíèany"]
[Date "2015.08.28"]
[Round "8.18"]
[White "Cermak, Jan"]
[Black "Stanek, Ondrej"]
[Result "1/2-1/2"]
[WhiteElo "1962"]
[BlackElo "1637"]
[PlyCount "0"]
[EventDate "2015.08.22"]

1. e4 c5 2. c3 d5 3. exd5 Qxd5 4. d4 e5 5. dxe5 Qxd1+ 6. Kxd1 Nc6 7. f4 Bg4+
8. Be2 O-O-O+ 9. Ke1 Bxe2 10. Nxe2 g5 11. g3 gxf4 12. gxf4 f6 13. exf6 Nxf6
14. Rg1 Bh6 15. Nd2 Rde8 16. Nf3 Nd5 17. Kf2 Rhf8 18. Rg4 Re4 19. Ng5 Re7 20. h4
Ne5 21. Rg3 c4 22. b3 Nd3+ 23. Kf3 Rfe8 24. Nd4 Re1 25. bxc4 Nf6 26. Nge6 Rxc1
27. Rxc1 Nxc1 28. Rg2 Kd7 29. Rc2 Rxe6 30. Nxe6 Kxe6 31. Rxc1 Nh5 32. Re1+ Kd7
33. f5 Bg7 34. Kg4 Nf6+ 35. Kg5 Ne8 36. Rf1 Bf6+ 37. Kh6 Bxh4 38. Kxh7 Bf6
39. Rf3 Be5 40. Kg6 b6 41. Rd3+ Ke7 42. Re3 Kd6 1/2-1/2

[Event "O Pohár mìsta Øíèany 2015 - OPEN A"]
[Site "Øíèany"]
[Date "2015.08.28"]
[Round "8.19"]
[White "Hurtak, Otto"]
[Black "Splichal, Petr"]
[Result "1-0"]
[WhiteElo "1955"]
[BlackElo "2009"]
[PlyCount "0"]
[EventDate "2015.08.22"]

1. d4 Nf6 2. c4 g6 3. Nc3 d6 4. e4 Bg7 5. Nf3 O-O 6. Be2 e5 7. d5 Na6 8. Bg5 h6
9. Bh4 g5 10. Bg3 Nh5 11. h4 Nxg3 12. fxg3 g4 13. Nd2 h5 14. O-O Bh6 15. Bd3 c6
16. Kh2 Nc5 17. Bc2 a5 18. Qe2 Bd7 19. Rf2 Bf4 20. Rh1 Qxh4+ 21. Kg1 Qg5
22. gxf4 exf4 23. Qf1 f3 24. Nxf3 gxf3 25. Rxf3 Bg4 26. Rf6 Kg7 27. Rf4 Rae8
28. Qc1 f5 29. Rxg4 Qxg4 30. Bd1 Qg6 31. Bxh5 Qf6 32. Bxe8 Rxe8 33. Rh5 Nxe4
34. Qf4 Qd4+ 35. Kh2 Qe5 36. Qxe5+ Rxe5 37. dxc6 bxc6 38. Nxe4 Rxe4 39. Rxf5 c5
40. Rd5 Rxc4 41. Rxd6 Rc2 42. Rb6 a4 43. a3 Rc4 44. Kg3 Rd4 45. Kf3 Rd1 46. g4
Rd4 47. g5 Rc4 48. Ke3 Rg4 49. g6 Rd4 50. Ke2 Rh4 51. Kd3 Rd4+ 52. Kc3 Rf4
53. Rc6 Rh4 54. Rxc5 Kxg6 55. Rc4 Rh3+ 56. Kc2 Rh2+ 57. Kb1 Rh1+ 58. Ka2 Kf5
59. Rxa4 Ke5 60. Rc4 Kd5 61. Rc8 Rh7 62. a4 Kd6 63. a5 Rh5 64. b4 Rh3 65. a6 Kd7
66. Rc4 Rh2+ 67. Ka3 Rh1 68. b5 Ra1+ 69. Kb4 Rb1+ 70. Ka5 1-0

[Event "O Pohár mìsta Øíèany 2015 - OPEN A"]
[Site "Øíèany"]
[Date "2015.08.28"]
[Round "8.20"]
[White "Postupa, Pavel"]
[Black "Pribyl, Jaroslav"]
[Result "1/2-1/2"]
[WhiteElo "2002"]
[BlackElo "1928"]
[PlyCount "0"]
[EventDate "2015.08.22"]

1. e4 c6 2. Nc3 d5 3. Nf3 dxe4 4. Nxe4 Bg4 5. h3 Bxf3 6. Qxf3 e6 7. b3 Nd7
8. Qg3 Ndf6 9. Nxf6+ Nxf6 10. Bb2 g6 11. Qh4 Bg7 12. Be2 O-O 13. O-O-O Nd5
14. Qxd8 Raxd8 15. Ba3 Rfe8 16. Bf3 Rd7 17. g3 Red8 18. Bc5 b6 19. Ba3 c5 20. c4
1/2-1/2

[Event "O Pohár mìsta Øíèany 2015 - OPEN A"]
[Site "Øíèany"]
[Date "2015.08.28"]
[Round "8.21"]
[White "Maly, Filip"]
[Black "Kolasin, Jan"]
[Result "1/2-1/2"]
[WhiteElo "1932"]
[BlackElo "2001"]
[PlyCount "0"]
[EventDate "2015.08.22"]

1. e4 e6 2. d4 d5 3. Nc3 Bb4 4. e5 c5 5. a3 Bxc3+ 6. bxc3 Ne7 7. Nf3 Nbc6 8. a4
Qa5 9. Bd2 Qc7 10. Bb5 a6 11. Bd3 Bd7 12. O-O c4 13. Be2 Na7 14. Ng5 h6 15. Nh3
O-O-O 16. Bc1 Nf5 17. Ba3 Bxa4 18. g4 Nh4 19. Bc5 b5 20. f4 Nc6 21. Qe1 Ng6
22. f5 Nf8 23. Ra2 g6 24. Qh4 Nh7 25. fxg6 fxg6 26. g5 Nxe5 27. gxh6 g5 28. Qg3
Ng6 29. Qg4 Qd7 30. Nxg5 Nxg5 31. Qxg5 Rdg8 32. Kh1 Rh7 33. Rf6 Qd8 34. Bg4 Nf4
35. Qxf4 Rxg4 36. Qxg4 Qxf6 37. Qg8+ Kc7 38. Qxh7+ Kc6 39. Qg7 Qf1+ 1/2-1/2

[Event "O Pohár mìsta Øíèany 2015 - OPEN A"]
[Site "Øíèany"]
[Date "2015.08.28"]
[Round "8.22"]
[White "Koper, Stefan"]
[Black "Rastocny, Josef"]
[Result "1/2-1/2"]
[WhiteElo "1991"]
[BlackElo "1860"]
[PlyCount "0"]
[EventDate "2015.08.22"]

1. d4 Nf6 2. c4 e6 3. g3 d5 4. cxd5 exd5 5. Bg2 Bd6 6. Nf3 O-O 7. O-O c6 8. a3
Bf5 9. Nc3 Nbd7 10. Nh4 Bg4 11. f3 Bh5 12. Nf5 Bc7 13. g4 Bg6 14. Ng3 Nb6 15. b3
Re8 16. e3 Qd6 17. Nce2 a5 18. a4 h5 19. Nf4 hxg4 20. fxg4 Be4 21. g5 Bxg2
22. Kxg2 Ne4 23. Qh5 Nxg3 24. hxg3 g6 25. Qh6 Qf8 26. Qxf8+ Rxf8 27. Kf3 Kg7
28. Ba3 Rh8 29. Ra2 Rae8 30. Raf2 Bd8 31. Kg4 Re4 32. Bd6 Nd7 33. b4 axb4
34. Bxb4 Rh5 35. Kf3 Rxg5 36. a5 c5 37. Bxc5 Nxc5 38. dxc5 Bxa5 39. Nxd5 Rc4
40. e4 f5 41. Kg2 Rxc5 42. Nf4 Re5 43. Rd1 Rxe4 44. Rd7+ Kf6 45. Rxb7 Be1
46. Rb6+ Kf7 47. Rb7+ Kf6 48. Rb6+ Kf7 1/2-1/2

[Event "O Pohár mìsta Øíèany 2015 - OPEN A"]
[Site "Øíèany"]
[Date "2015.08.28"]
[Round "8.23"]
[White "Vavrinec, Tomas"]
[Black "Dlouhy, Ondrej"]
[Result "0-1"]
[WhiteElo "1918"]
[BlackElo "1984"]
[PlyCount "0"]
[EventDate "2015.08.22"]

1. c4 Nf6 2. Nc3 g6 3. g3 Bg7 4. Bg2 O-O 5. Nf3 d6 6. O-O e5 7. d3 Nc6 8. Rb1
Nd7 9. b4 f5 10. Bg5 Nf6 11. Nd5 Be6 12. b5 Ne7 13. Qb3 Bxd5 14. cxd5 Rf7
15. Rfc1 h6 16. Bxf6 Bxf6 17. Qc4 Nc8 18. Nd2 Nb6 19. Qc2 Bg5 20. e3 f4 21. Re1
fxe3 22. fxe3 Qe7 23. Ne4 Raf8 24. a4 h5 25. a5 Nc8 26. Rbc1 h4 27. Qc4 hxg3
28. hxg3 Bh6 29. d4 exd4 30. Qxd4 Bg7 31. Qc4 Qe5 32. Bh3 Rf3 33. Be6+ Kh7
34. Kg2 Bh6 35. Rh1 c6 36. dxc6 bxc6 37. Qxc6 Ne7 38. Qb7 Qb2+ 39. Kh3 Qg7
40. Rc7 Re8 41. Kg2 Qb2+ 42. Kh3 Qg7 43. Nxd6 Rxg3+ 44. Kxg3 Qe5+ 45. Kg2 Qxd6
46. Qd5 Qxc7 47. Qg5 Qb7+ 0-1

[Event "O Pohár mìsta Øíèany 2015 - OPEN A"]
[Site "Øíèany"]
[Date "2015.08.28"]
[Round "8.24"]
[White "Skala, Jaromir"]
[Black "Martinec, Karel"]
[Result "1/2-1/2"]
[WhiteElo "1959"]
[BlackElo "1897"]
[PlyCount "0"]
[EventDate "2015.08.22"]

1. d4 d5 2. c4 e6 3. Nc3 Nf6 4. Bg5 Be7 5. e3 c6 6. Nf3 O-O 7. Bd3 dxc4 8. Bxc4
Nd5 9. Bxe7 Qxe7 10. e4 Nxc3 11. bxc3 b5 12. Bd3 Bb7 13. O-O Nd7 14. e5 a6
15. Nd2 c5 16. Qh5 g6 17. Qh6 cxd4 18. cxd4 Rfd8 1/2-1/2

[Event "O Pohár mìsta Øíèany 2015 - OPEN A"]
[Site "Øíèany"]
[Date "2015.08.28"]
[Round "8.25"]
[White "Stojkovic, Andrea"]
[Black "Voracek, Zdenek"]
[Result "0-1"]
[WhiteElo "1872"]
[BlackElo "2026"]
[PlyCount "0"]
[EventDate "2015.08.22"]

1. e4 Nf6 2. e5 Nd5 3. Nc3 e6 4. Nf3 Nc6 5. d4 d6 6. Be2 Nxc3 7. bxc3 dxe5
8. Nxe5 Nxe5 9. dxe5 Qxd1+ 10. Bxd1 Bd7 11. Bf3 O-O-O 12. Bg5 Re8 13. Rb1 b6
14. Be3 Be7 15. c4 c6 16. Be4 Kc7 17. O-O Rb8 18. Rfd1 g6 19. g3 Bc8 20. c5 Ba6
21. cxb6+ axb6 22. Bd3 Bc8 23. a4 Rd8 24. Kf1 c5 25. Bb5 Bb7 26. Ke2 Be4 27. Rd2
Rxd2+ 28. Kxd2 Ra8 29. f3 Bc6 30. Ke2 h5 31. h4 Bf8 32. Rd1 Bg7 33. Bf4 Bf8
34. Be3 Bxb5+ 35. axb5 Ra2 36. Kd3 c4+ 37. Kxc4 Rxc2+ 38. Kb3 Rg2 39. Rc1+ Bc5
40. Bxc5 bxc5 41. Rxc5+ Kb6 42. Rc6+ Kb7 43. Rd6 Rxg3 44. Rd7+ Kb6 45. Rxf7 Kxb5
46. Kc3 Kc5 47. Kd3 Kd5 48. Ke3 Kxe5 49. Kf2 Rh3 50. f4+ Kd6 51. Rf6 Rxh4
52. Rxg6 Rxf4+ 53. Ke3 Ra4 54. Rh6 h4 55. Kf3 Kd5 56. Rh8 Ke5 57. Rh5+ Kf6
58. Rh6+ Kf5 59. Rh5+ Kg6 60. Rh8 e5 61. Re8 Rf4+ 62. Ke3 Kf5 63. Rg8 h3 64. Rh8
Kg4 65. Rg8+ Kh4 66. Ke2 h2 67. Rg7 Kh3 0-1

[Event "O Pohár mìsta Øíèany 2015 - OPEN A"]
[Site "Øíèany"]
[Date "2015.08.28"]
[Round "8.26"]
[White "Jelinek, Michal"]
[Black "Helebrand, Frantisek"]
[Result "1-0"]
[WhiteElo "2178"]
[BlackElo "1841"]
[PlyCount "0"]
[EventDate "2015.08.22"]

1. d4 d5 2. c4 e6 3. Nc3 Nf6 4. cxd5 exd5 5. Bg5 Be7 6. e3 h6 7. Bh4 c6 8. Bd3
O-O 9. Qc2 Be6 10. Nge2 Bd6 11. O-O Nbd7 12. f3 Qb8 13. Bg3 Bxg3 14. Nxg3 Qd8
15. Qf2 Nb6 16. Nce2 Re8 17. Nf4 Qe7 18. Rae1 Qb4 19. Nxe6 Rxe6 20. e4 dxe4
21. fxe4 Rf8 22. e5 Nfd5 23. a3 Qb3 24. Bf5 Ree8 25. e6 fxe6 26. Bxe6+ Kh7
27. Qxf8 Rxf8 28. Rxf8 Qxb2 29. Bf5+ g6 30. Rf7+ Kg8 31. Bxg6 Qxd4+ 32. Kh1 Nf6
33. Nf5 Qd8 34. Ne7+ Kh8 35. Rxf6 Nd5 36. Rf7 Nxe7 37. Rfxe7 1-0

[Event "O Pohár mìsta Øíèany 2015 - OPEN A"]
[Site "Øíèany"]
[Date "2015.08.28"]
[Round "8.27"]
[White "Vystrcil, Martin"]
[Black "Stork, Rostislav"]
[Result "1-0"]
[WhiteElo "2014"]
[BlackElo "1812"]
[PlyCount "0"]
[EventDate "2015.08.22"]

1. e4 e5 2. Nf3 Nf6 3. Nc3 Nc6 4. d4 exd4 5. Nxd4 Bb4 6. Nxc6 dxc6 7. Qxd8+
Kxd8 8. Bg5 Ke8 9. O-O-O Bxc3 10. bxc3 Be6 11. Bxf6 gxf6 12. a3 Ke7 13. Be2 Rad8
14. Rxd8 Rxd8 15. Rd1 Rxd1+ 16. Kxd1 f5 17. exf5 Bxf5 18. Bd3 Kf6 19. Ke2 h6
20. Bxf5 Kxf5 21. Ke3 c5 22. h3 b5 23. f4 h5 24. g3 a5 25. Kf3 b4 26. a4 c4
27. cxb4 axb4 28. g4+ hxg4+ 29. hxg4+ Ke6 30. Ke4 b3 31. cxb3 cxb3 32. Kd3 Kd5
33. Kc3 Ke4 34. a5 Kxf4 35. a6 Kxg4 36. a7 f5 37. a8=Q Kg3 38. Qh1 f4 39. Qf1
1-0

[Event "O Pohár mìsta Øíèany 2015 - OPEN A"]
[Site "Øíèany"]
[Date "2015.08.28"]
[Round "8.28"]
[White "Tvrdy, Jindrich"]
[Black "Petrun, Milan"]
[Result "1/2-1/2"]
[WhiteElo "1885"]
[BlackElo "1991"]
[PlyCount "0"]
[EventDate "2015.08.22"]

1. e4 c5 2. Nc3 d6 3. g3 g6 4. Bg2 Bg7 5. d3 Nc6 6. f4 Nf6 7. Nf3 O-O 8. O-O
Rb8 9. h3 b5 10. g4 b4 11. Ne2 Qb6 12. Ng3 c4+ 13. Kh2 cxd3 14. cxd3 Ba6 15. Re1
Nd7 16. Be3 Nd4 17. e5 Nxf3+ 18. Bxf3 Qd8 19. d4 Nb6 20. b3 Bb7 21. Rc1 a5
22. Bxb7 Rxb7 23. Qf3 Qb8 24. Rc2 Rc8 25. Rec1 Rbc7 26. Qg2 Rxc2 27. Rxc2 Rxc2
28. Qxc2 Nd5 29. Qe4 Nc3 30. Qc2 Qb7 31. Ne2 Qe4 32. Qxe4 Nxe4 33. Kg2 d5
34. Bc1 e6 35. Kf3 Bf8 36. Be3 Be7 37. Bf2 Kf8 38. Be1 Ke8 39. Ke3 Kd7 40. g5
Kc6 41. Kd3 Kb5 42. h4 Bf8 43. Kc2 Be7 44. Kd3 Bd8 45. Kc2 Bb6 46. Kd3 a4
47. Kc2 Ba5 48. Kd3 axb3 49. axb3 Kc6 50. Kc2 Kd7 51. Kd3 Ke7 52. Nc1 Kf8
53. Na2 Kg7 54. Bxb4 Bxb4 55. Nxb4 Ng3 56. Nc6 Kf8 57. Nb4 Ke8 58. Nc2 Nf5
59. Ne3 Nxh4 60. Ng4 Kd8 61. Nf6 Ng2 62. Nxh7 Nxf4+ 63. Ke3 Nh5 64. Nf6 Ng7
65. Ng4 Kc7 66. Nh6 Kb6 67. Nxf7 Ka5 68. Nh8 Kb4 69. Nxg6 Kc3 70. Nh4 Kxb3
71. Kd3 Kb4 72. Nf3 Nf5 73. g6 Kb5 74. Ng5 Ng7 1/2-1/2

[Event "O Pohár mìsta Øíèany 2015 - OPEN A"]
[Site "Øíèany"]
[Date "2015.08.28"]
[Round "8.29"]
[White "Otruba, Marek"]
[Black "Picek, Miroslav"]
[Result "1-0"]
[WhiteElo "1629"]
[BlackElo "1966"]
[PlyCount "0"]
[EventDate "2015.08.22"]

1. d4 Nf6 2. Bf4 d6 3. Nc3 g6 4. Qd2 Bg7 5. e4 O-O 6. Bh6 c6 7. Bxg7 Kxg7
8. O-O-O b5 9. e5 dxe5 10. dxe5 Qxd2+ 11. Rxd2 Ng4 12. h3 Nxe5 13. Re2 Ned7
14. Rxe7 Nc5 15. Re3 Be6 16. Be2 b4 17. Nd1 Nbd7 18. Bf3 Rac8 19. Ne2 Nb6
20. Nd4 Bd5 21. Re7 a5 22. Ne3 Bxf3 23. Nxf3 Kf6 24. Ra7 a4 25. Rd1 b3 26. axb3
axb3 27. cxb3 Nxb3+ 28. Kc2 Nc5 29. Rd6+ Kg7 30. Ng5 Kg8 31. b4 Ne6 32. Rxe6
fxe6 33. Ng4 Rf5 34. Nh6+ Kf8 35. Nxe6+ Ke8 36. Nxf5 gxf5 1-0

[Event "O Pohár mìsta Øíèany 2015 - OPEN A"]
[Site "Øíèany"]
[Date "2015.08.28"]
[Round "8.30"]
[White "Kovar, Jan"]
[Black "Barton, Milan"]
[Result "1-0"]
[WhiteElo "1930"]
[BlackElo "1750"]
[PlyCount "0"]
[EventDate "2015.08.22"]

1. e4 e5 2. Nf3 Nf6 3. Nc3 Nc6 4. Bb5 Bc5 5. O-O d6 6. d4 exd4 7. Nxd4 Bd7
8. Nf5 O-O 9. Bg5 Be6 10. Nd5 Bxd5 11. exd5 Ne5 12. h3 h6 13. Bh4 a6 14. Bd3 Ng6
15. Bg3 Qd7 16. Qf3 Rfe8 17. Nxh6+ gxh6 18. Qxf6 Qe7 19. Qc3 Qg5 20. Rae1 Qxd5
21. Bc4 Qg5 22. Kh1 b5 23. Be2 b4 24. Qd3 Qf6 25. Bf3 Rxe1 26. Rxe1 Ra7 27. Bd5
Qxb2 28. Qxg6+ Qg7 29. Re8# 1-0

[Event "O Pohár mìsta Øíèany 2015 - OPEN A"]
[Site "Øíèany"]
[Date "2015.08.28"]
[Round "8.31"]
[White "Zlamana, Anna"]
[Black "Tejkal, Jiri"]
[Result "1/2-1/2"]
[WhiteElo "1692"]
[BlackElo "1909"]
[PlyCount "0"]
[EventDate "2015.08.22"]

1. e4 e6 2. d4 d6 3. Nc3 Nf6 4. f4 Nbd7 5. Nf3 c5 6. Be3 Qa5 7. Qd2 a6 8. e5
Ng4 9. dxc5 d5 10. Bd4 Bxc5 11. h3 Nh6 12. g4 b5 13. f5 exf5 14. g5 b4 15. Nxd5
Bb7 16. Bxc5 Nxc5 17. gxh6 O-O-O 18. hxg7 Rhg8 19. Bc4 Bxd5 20. Bxd5 Ne4 21. Qf4
Qxd5 22. Qxf5+ Kb8 23. Qf4 Ng5 24. e6+ Ka8 25. Nxg5 Qxh1+ 26. Qf1 Qxf1+ 27. Kxf1
fxe6 28. Nxe6 Rd2 29. Kg1 Rxc2 30. Rf1 Rxg7+ 31. Nxg7 Rxb2 32. Ra1 a5 33. Ne6
Rd2 34. Nc5 Rd5 35. Na4 Ka7 36. Rf1 Ka6 37. Nb2 Kb5 38. Rf2 a4 39. Rf4 a3
40. Nc4 Rc5 41. Nd6+ Ka4 42. Nc4 Kb5 43. Nd6+ 1/2-1/2

[Event "O Pohár mìsta Øíèany 2015 - OPEN A"]
[Site "Øíèany"]
[Date "2015.08.28"]
[Round "8.32"]
[White "Paulovic, Milan"]
[Black "Sadil, Jan"]
[Result "1-0"]
[WhiteElo "1871"]
[BlackElo "1734"]
[PlyCount "0"]
[EventDate "2015.08.22"]

1. c4 f5 2. Nc3 Nf6 3. g3 e5 4. Bg2 Be7 5. e3 O-O 6. Nge2 d6 7. O-O Nbd7 8. d4
Nb6 9. b3 Rb8 10. Bb2 Be6 11. Qc2 e4 12. d5 Bf7 13. Nd4 g6 14. f3 Nbd7 15. fxe4
fxe4 16. Nxe4 Nxe4 17. Bxe4 Nc5 18. Bg2 Bf6 19. Rxf6 Qxf6 20. Nc6 1-0

[Event "O Pohár mìsta Øíèany 2015 - OPEN A"]
[Site "Øíèany"]
[Date "2015.08.28"]
[Round "8.33"]
[White "Korsa, Jiri"]
[Black "Vlkova, Anezka"]
[Result "1-0"]
[WhiteElo "1844"]
[BlackElo "1564"]
[PlyCount "0"]
[EventDate "2015.08.22"]

1. e4 e6 2. Nc3 d5 3. d3 Nf6 4. Bd2 c5 5. h3 Nc6 6. g4 d4 7. Nce2 e5 8. Ng3 Be7
9. Bg2 Be6 10. N1e2 Qd7 11. O-O h5 12. g5 Bxh3 13. gxf6 Bxg2 14. Kxg2 gxf6
15. Nf5 Bd6 16. Rh1 O-O-O 17. Neg3 1-0

[Event "O Pohár mìsta Øíèany 2015 - OPEN A"]
[Site "Øíèany"]
[Date "2015.08.28"]
[Round "8.34"]
[White "Chajda, Patrik"]
[Black "Halla, Jiri"]
[Result "1-0"]
[WhiteElo "1647"]
[BlackElo "1839"]
[PlyCount "0"]
[EventDate "2015.08.22"]

1. e4 e6 2. d4 d5 3. Nd2 Nf6 4. e5 Nfd7 5. Bd3 c5 6. c3 Nc6 7. Ne2 Qb6 8. Nf3
cxd4 9. cxd4 f6 10. O-O fxe5 11. Nxe5 Ndxe5 12. dxe5 Nxe5 13. Be3 Bc5 14. Nf4 g6
15. Nxd5 exd5 16. Bb5+ Nc6 17. Qxd5 Qxb5 18. Bxc5 Bd7 19. Rfe1+ Kd8 20. Rad1 Nb4
21. Bb6+ Kc8 22. Rc1+ Qc6 23. Rxc6+ bxc6 24. Qe5 Kb7 25. Qc7+ Ka6 26. Qxd7 axb6
27. h3 Rad8 28. Qg4 Nd5 29. b4 Rhf8 30. a4 Rf4 31. b5+ Ka5 32. Qg5 Rdf8 33. bxc6
R8f5 34. Qg3 Rc4 35. Qd3 Rc5 36. Rb1 Nc7 37. Qd7 Na6 38. Qb7 1-0

[Event "O Pohár mìsta Øíèany 2015 - OPEN A"]
[Site "Øíèany"]
[Date "2015.08.28"]
[Round "8.35"]
[White "Cabart, Pavel"]
[Black "Civin, Dominik"]
[Result "0-1"]
[WhiteElo "1704"]
[BlackElo "1793"]
[PlyCount "0"]
[EventDate "2015.08.22"]

1. e4 e6 2. Nf3 d5 3. Nc3 Nf6 4. e5 Nfd7 5. d4 c5 6. dxc5 Bxc5 7. Bd3 Nc6
8. Bf4 Nb6 9. Qe2 Bd7 10. a3 Be7 11. O-O-O Na5 12. h4 h6 13. Nb5 Nbc4 14. Bxc4
Nxc4 15. Nd6+ Bxd6 16. exd6 O-O 17. Ne5 Rc8 18. Rh3 Nxe5 19. Bxe5 f6 20. Bc3 e5
21. Rg3 Be6 22. Qh5 Kh8 23. Qg6 Qd7 24. Bd2 Bf5 25. Qh5 Rxc2+ 26. Kb1 Rxd2+ 0-1

[Event "O Pohár mìsta Øíèany 2015 - OPEN A"]
[Site "Øíèany"]
[Date "2015.08.28"]
[Round "8.36"]
[White "Sedivy, Ondrej"]
[Black "Hrbek, Stepan"]
[Result "1/2-1/2"]
[WhiteElo "1791"]
[BlackElo "1683"]
[PlyCount "0"]
[EventDate "2015.08.22"]

1. c4 c6 2. Nc3 d5 3. cxd5 cxd5 4. d4 Nf6 5. Nf3 Nc6 6. Bf4 Bf5 7. e3 e6 8. Bd3
Bg6 9. O-O Bd6 10. Bxd6 Qxd6 11. Rc1 O-O 12. Nb5 Qb4 13. b3 Qa5 14. a4 a6
15. Nc3 Rac8 16. Bxg6 hxg6 17. Qd2 Qb6 18. Rb1 Nb4 19. Rfc1 Qd6 20. Ne5 Rc7
21. Na2 Nxa2 22. Qxa2 Rfc8 23. Rxc7 Qxc7 24. f3 Qc2 25. Qxc2 Rxc2 26. b4 Kf8
27. b5 axb5 28. Rxb5 Rc7 29. Rb6 Nd7 30. Nxd7+ Rxd7 31. Kf2 Ke7 32. Ke2 Rc7
33. Kd3 Kd7 34. Rb5 1/2-1/2

[Event "O Pohár mìsta Øíèany 2015 - OPEN A"]
[Site "Øíèany"]
[Date "2015.08.28"]
[Round "8.37"]
[White "Kunc, Jan"]
[Black "Skvaril, Michal"]
[Result "0-1"]
[WhiteElo "1685"]
[BlackElo "1785"]
[PlyCount "0"]
[EventDate "2015.08.22"]

1. e4 e5 2. Nf3 Nc6 3. Bb5 a6 4. Ba4 Nf6 5. O-O b5 6. Bb3 Bc5 7. c3 O-O 8. d4
Bb6 9. Re1 d6 10. h3 h6 11. Be3 exd4 12. cxd4 Re8 13. Nbd2 Na5 14. Bc2 c5
15. dxc5 dxc5 16. e5 Nd5 17. Qe2 Nxe3 18. Qxe3 Bb7 19. Rad1 Qc7 20. Qd3 g6
21. e6 f5 22. Qe3 Kh7 23. e7 Nc6 24. Qe6 Rxe7 25. Qf6 Rf7 26. Qh4 Kg7 27. Re6
Bc8 28. Re8 Re7 29. Re1 Rxe1+ 30. Rxe1 Bd7 31. Re7+ Nxe7 32. Qxe7+ Kg8 33. Ne5
Be8 34. Qe6+ Kg7 35. Ndf3 Ba5 36. Nh4 Bf7 37. Nxf5+ gxf5 38. Qxf5 Rh8 39. Qg4+
Kf8 40. Nd7+ Ke7 41. Bf5 Kd6 42. Qf4+ Kc6 43. Qe4+ Bd5 44. Ne5+ Kb6 45. Qxd5 Rd8
46. Qe6+ Rd6 47. Nd7+ Ka7 48. Qe8 Rd1+ 0-1

[Event "O Pohár mìsta Øíèany 2015 - OPEN A"]
[Site "Øíèany"]
[Date "2015.08.28"]
[Round "8.38"]
[White "Pivonka, Michael"]
[Black "Palla, Ivan"]
[Result "1-0"]
[WhiteElo "1800"]
[BlackElo "1556"]
[PlyCount "0"]
[EventDate "2015.08.22"]

1. Nf3 f5 2. d4 e6 3. c4 Be7 4. Nc3 Nf6 5. g3 O-O 6. Bg2 c6 7. O-O Na6 8. d5 d6
9. dxc6 bxc6 10. Nd4 Bb7 11. Nxc6 Bxc6 12. Bxc6 Rb8 13. Bg2 Nc5 14. b3 a6
15. Bb2 Qb6 16. Qc2 Ng4 17. Rad1 Rbd8 18. h3 Ne5 19. Kh2 f4 20. Ne4 Kh8 21. Nxc5
Qxc5 22. Bd4 Qa5 23. Qb2 fxg3+ 24. fxg3 Bf6 25. Qd2 Qc7 26. Qe3 Qe7 27. c5 Nf7
28. Bxf6 gxf6 29. cxd6 Nxd6 30. Qc5 Nf5 31. Qxe7 Nxe7 32. Rxd8 Rxd8 33. Rxf6 Rd6
34. Rf7 Ng6 35. Be4 Rd2 1-0

[Event "O Pohár mìsta Øíèany 2015 - OPEN A"]
[Site "Øíèany"]
[Date "2015.08.28"]
[Round "8.39"]
[White "Havlicek, Pavel"]
[Black "Macho, Miloslav"]
[Result "0-1"]
[WhiteElo "1673"]
[BlackElo "1922"]
[PlyCount "0"]
[EventDate "2015.08.22"]

1. b4 c6 2. Bb2 Qb6 3. a3 a5 4. c3 c5 5. Qb3 axb4 6. cxb4 cxb4 7. axb4 Rxa1
8. Bxa1 Nf6 9. b5 e6 10. e3 Be7 11. Nf3 O-O 12. Nc3 d6 13. Na4 Qc7 14. Bb2 b6
15. Bd3 Nbd7 16. O-O Bb7 17. Rc1 Qb8 18. Bd4 Bxf3 19. gxf3 Nc5 20. Nxc5 dxc5
21. Bb2 Rd8 22. Qc4 Qd6 23. Rc3 Nd5 24. Rb3 Nb4 25. Qg4 g6 26. Bc4 Qxd2 27. Qe4
Qe1+ 28. Kg2 Rd2 0-1

[Event "O Pohár mìsta Øíèany 2015 - OPEN A"]
[Site "Øíèany"]
[Date "2015.08.28"]
[Round "8.40"]
[White "Kindl, Frantisek"]
[Black "Chromovsky, Hynek"]
[Result "1-0"]
[WhiteElo "1847"]
[BlackElo "1768"]
[PlyCount "0"]
[EventDate "2015.08.22"]

1. Nf3 e6 2. e4 c5 3. d4 cxd4 4. Nxd4 a6 5. Nc3 Qc7 6. Be3 Nc6 7. Be2 Nf6
8. O-O Be7 9. Qd2 b5 10. Bf3 Bb7 11. a3 Ne5 12. Bf4 Nc4 13. Bxc7 Nxd2 14. Rfe1
Nxf3+ 15. Nxf3 Rc8 16. Ba5 O-O 17. Rad1 d5 18. e5 Nd7 19. Nd4 Bc5 20. h3 Nb8
21. Nce2 Rfe8 22. Bc3 f6 23. Nf3 f5 24. Bd4 Nd7 25. c3 h6 26. Nd2 Nb6 27. Bxc5
Rxc5 28. b3 Kf7 29. f4 a5 30. Kf2 Rec8 31. Rc1 Ba6 32. b4 axb4 33. cxb4 Rxc1
34. Rxc1 Rxc1 35. Nxc1 Nc4 36. Nxc4 dxc4 37. Ke3 Kg6 38. Ne2 Bc8 39. Kd4 Kh5
40. g3 g5 41. Kc5 gxf4 42. Nxf4+ Kg5 43. Kxb5 c3 44. Kc4 c2 45. Nd3 f4 46. gxf4+
Kf5 47. Kc3 c1=Q+ 48. Nxc1 Kxf4 49. Nd3+ Ke4 50. Kc4 Kf3 51. b5 Kg3 52. a4 Kxh3
53. Nc5 Kg4 54. a5 1-0

[Event "O Pohár mìsta Øíèany 2015 - OPEN A"]
[Site "Øíèany"]
[Date "2015.08.28"]
[Round "8.42"]
[White "Nemcova, Kamila"]
[Black "Hlavacek, Ondrej"]
[Result "1-0"]
[WhiteElo "1731"]
[BlackElo "1668"]
[PlyCount "0"]
[EventDate "2015.08.22"]

1. e4 c5 2. Nf3 e6 3. d4 cxd4 4. Nxd4 Nc6 5. Be3 a6 6. Be2 Qc7 7. Nb3 d6 8. Nc3
Nf6 9. O-O Be7 10. Kh1 O-O 11. f4 b6 12. Qe1 Bb7 13. Bf3 Na5 14. Nxa5 bxa5
15. Qg3 Rfe8 16. Rad1 Rab8 17. Bd4 Rbc8 18. Rd2 Bd8 19. e5 dxe5 20. Bxe5 Qb6
21. Bxb7 Qxb7 22. Rxd8 Nh5 23. Rxe8+ Rxe8 24. Qf3 Qxb2 25. Qxh5 Qxc2 26. Qg5 1-0